00000000nam##2200000za#4500
0019.599115
003CaOODSP
00520210624204915
007cr |||||||||||
008150406|1999||||xxc|||||o    f|0| 0 fre|d
040 |aCaOODSP|bfre
043 |an-cn---
0861 |aBT31-2/2000-III-81F-PDF
1101 |aCanada. |bConseil du trésor.
24510|aAgence de promotion économique du Canada atlantique, budget des dépenses, 1999-2000, partie III, rapport sur les plans et les priorités |h[ressource électronique]
260 |bSecrétariat du Conseil du Trésor du Canada |c[1999].
300 |a80p.|bfigure, graphique, tableaux
4901 |aBudget des dépenses 1999-2000. Partie III, Rapport sur les plans et les priorités |v1999-2000
590 |a10-13-Supp|b2010-11-23
77508|tAtlantic Canada Opportunities Agency, 1999-2000 estimates, part III, report on plans and priorities |w(CaOODSP)9.567791
7760#|tAtlantic Canada Opportunities Agency |w(CaOODSP)9.531702
7760#|tAgence de promotion économique du Canada atlantique |w(CaOODSP)9.531703
830#0|aBudget des dépenses 1999-2000. Partie III, Rapport sur les plans et les priorités ;|v1999-2000|w(CaOODSP)9.502119
85640|ahttp://publications.gc.ca|qPDF|s406 Ko|uhttps://publications.gc.ca/collections/Collection/BT31-2-2000-III-81F.pdf|y1999-2000